Visualizzazione normale
Vista MARC
- Watkins Julius
di Personal Name
Records bibliografici associati: 1
001 - CONTROL NUMBER
- control field: 19135
003 - CONTROL NUMBER IDENTIFIER
- control field: IT-RoPau
005 - DATE AND TIME OF LATEST TRANSACTION
- control field: 20140407091340.0
008 - FIXED-LENGTH DATA ELEMENTS
- fixed length control field: 140407|| aca||aabn | a|a d
040 ## - CATALOGING SOURCE
- Original cataloging agency: IT-RoPau
- Transcribing agency: IT-RoPau
100 ## - HEADING--PERSONAL NAME
- Personal name: Watkins Julius
- Miscellaneous information: Codice autore musica SPICS: 17065
- Relator term: Autore musica
- Name of part/section of a work: Fire Dance
670 ## - SOURCE DATA FOUND
- Source citation: Work cat.: (IT-RoPau)100532: AA.VV. 794, World of the Harp (The)